| 000 | 00491nam a2200157Ia 4500 | ||
|---|---|---|---|
| 999 |
_c36629 _d36629 |
||
| 003 | OSt | ||
| 005 | 20210122114052.0 | ||
| 008 | 190216s9999||||xx |||||||||||||| ||und|| | ||
| 040 | _coclc | ||
| 082 |
_a001 _bPUR/E |
||
| 100 |
_aPuri, Gopal G _95661 |
||
| 245 | 0 |
_aExcepted Questions On General Studies / General Knowledge For IAS Examination / _cGopal G Puri |
|
| 260 |
_bIIMS Publications, _aNew Delhi: |
||
| 300 | _a157p | ||
| 942 |
_cREF _2ddc _h001 _iPUR/E _k001 _mPUR/E |
||